Представление документа в формате RUSMARC

ПолеНазваниеЗначение
  Тип записи a
  Библиографический уровень m
001 Контрольный номер UONB/MAIN/65b3303cee8c4e97a35e1f2f24a2fde3
005 Дата корректировки 20260428175633.7
010 Индекс ISBN __
d Цена 1 р. 98 к.
b Уточнения в пер.
9 Тираж 75000 экз.
100 Данные общей обработки __
a Данные общей обработки 20260428d1967 u y0rusy018902 ca
101 Язык документа 1_
a Язык текста rus
c Язык оригинала eng
102 Страна публикации __
a Страна публикации RU
105 Кодированные данные (монография) __
a Кодированные данные (монография) a z 001yy
200 Заглавие и сведения об ответственности 1_
a Заглавие Физика
e Сведения, относящиеся к заглавию перевод с английского
f Первые сведения об ответственности Л. Эллиот, У. Уилкокс
g Последующие сведения об ответственности под редакцией А. И. Китайгородского
203 Вид содержания и тип средства __
a Вид содержания Текст
b Характеристика содержания визуальный
c Тип средства непосредственный
205 Сведения об издании __
a Основные сведения об издании Изд. 2-е, стер.
210 Выходные данные 1_
a Место издания Москва
c Издательство Наука
d Дата издания 1967
215 Физическое описание __
a Объем 807 с.
c Иллюстрации/тип воспроизводства ил., 2 л. ил.
d Формат 22 см
300 Общие примечания __
a Общие примечания На обороте тит. л.: L. Paul Elliot and William F. Wilcox. Physics
320 Библиография __
a Библиография Предм. указ.: с. 800-807
320 Библиография __
a Библиография Библиогр.: с. 797-799
606 Тематические рубрики 0_
a Основная рубрика Физика
610 Ключевые слова 0_
a Ключевые слова физика
675 Индекс УДК __
a Индекс УДК 53
700 Автор _1
a Фамилия Эллиот
b Имя (инициалы) Л.
701 Альтернативная интеллектуальная ответственность _1
a Фамилия Уилкокс
b Имя (инициалы) У.
702 Вторичная интеллектуальная ответственность _1
a Фамилия Китайгородский
b Имя (инициалы) А. И.
4 Код отношения 340
c Титул (звания) проф.
801 Источник записи _0
a Страна RU
b Организация Ульяновская ОНБ
c Дата составления 20260428
g Правила каталогизации RCR
801 Источник записи _1
a Страна RU
b Организация Ульяновская ОНБ
c Дата составления 20260428
g Правила каталогизации RCR
901 Тип документа __
t Тип документа m
909 Создатель записи __
a Создатель записи Мартьянова
b Дата создания записи 20260428